[Event "Hillerod CC-ch B"]
[Site "Hillerod"]
[Date "2016.01.26"]
[Round "3"]
[White "Sorensen, Bernhard"]
[Black "Larsen, Daniel"]
[Result "1-0"]
[WhiteElo "1666"]
[BlackElo "1680"]
[PlyCount "53"]
[EventDate "2016.01.05"]
[EventType "tourn"]
[EventRounds "9"]
[EventCountry "DEN"]
[SourceTitle "EXT 2024"]
[Source "ChessBase"]
[SourceDate "2023.10.10"]
[SourceVersion "1"]
[SourceVersionDate "2023.10.10"]
[SourceQuality "1"]

1. d4 d5 2. Bf4 Nf6 3. e3 e6 4. Nf3 Nh5 5. Bg5 Be7 6. Bxe7 Qxe7 7. Ne5 Qb4+ 8. Nd2 Nf6 9. Rb1 Nbd7 10. c3 Qd6 11. f4 c5 12. Bd3 c4 13. Bc2 Qa6 14. Ra1 b5 15. 0-0 Bb7 16. Qf3 Qa5 17. e4 b4 18. Nxd7 Nxd7 19. e5 bxc3 20. bxc3 Qa3 21. Rfb1 Bc6 22. Nxc4 dxc4 23. Qxc6 Ke7 24. Rb7 Rhd8 25. Ba4 Qxc3 26. Rxd7+ Kf8 27. Qd6+ 1-0

[Event "Hillerod Byturnering D"]
[Site "Hillerod"]
[Date "2015.??.??"]
[Round "4"]
[White "Pedersen, Jan2222"]
[Black "Larsen, Daniel"]
[Result "0-1"]
[WhiteElo "1514"]
[BlackElo "1610"]
[PlyCount "62"]
[EventDate "2015.04.28"]
[EventType "tourn"]
[EventRounds "7"]
[EventCountry "DEN"]
[SourceTitle "EXT 2024"]
[Source "ChessBase"]
[SourceDate "2023.10.10"]
[SourceVersion "1"]
[SourceVersionDate "2023.10.10"]
[SourceQuality "1"]

1. d4 d5 2. c4 c6 3. Nc3 Nf6 4. Nf3 e6 5. cxd5 cxd5 6. Bg5 h6 7. Bf4 Bd6 8. Be5 0-0 9. e3 Nc6 10. Bd3 Bxe5 11. Nxe5 Nxe5 12. dxe5 Nd7 13. f4 Qh4+ 14. g3 Qd8 15. 0-0 Qb6 16. Qd2 Nc5 17. b3 Bd7 18. Qe2 Rac8 19. Rac1 Rc7 20. Bb5 Rfc8 21. Bxd7 Nxd7 22. Qd2 Qb4 23. a3 Qxa3 24. Nb5 Qxc1 25. Qd3 Qc2 26. Qd4 Rc5 27. Nd6 R8c7 28. b4 Rc3 29. Qxa7 Rb3 30. Qa8+ Nf8 31. Nb5 Rb2 0-1

[Event "Hillerod op"]
[Site "Hillerod"]
[Date "2014.??.??"]
[Round "3"]
[White "Hviid, Hans Henrik"]
[Black "Larsen, Daniel"]
[Result "0-1"]
[WhiteElo "1520"]
[BlackElo "1549"]
[PlyCount "82"]
[EventDate "2014.08.26"]
[EventType "swiss"]
[EventRounds "7"]
[EventCountry "DEN"]
[SourceTitle "EXT 2024"]
[Source "ChessBase"]
[SourceDate "2023.10.10"]
[SourceVersion "1"]
[SourceVersionDate "2023.10.10"]
[SourceQuality "1"]

1. d4 d5 2. e3 Nf6 3. c4 c5 4. dxc5 e5 5. cxd5 Qxd5 6. Qxd5 Nxd5 7. a3 Bxc5 8. b4 Bd6 9. Bc4 Be6 10. e4 Nxb4 11. Bb5+ N4c6 12. Nf3 a6 13. Bxc6+ Nxc6 14. Ng5 Bc4 15. Bb2 f6 16. Nf3 0-0-0 17. Nbd2 Bb5 18. 0-0-0 Ba4 19. Rde1 Bc5 20. Nh4 Bxf2 21. Nhf3 Bxe1 22. Rxe1 Rd7 23. Nc4 Kc7 24. g4 Rhd8 25. Ne3 b5 26. Nd5+ Kb7 27. Bc3 Ne7 28. Ba5 Rc8+ 29. Nc3 Nc6 30. Nxa4 Nxa5+ 31. Kb2 bxa4 32. g5 Ka7 33. gxf6 Rb7+ 34. Ka1 Nb3+ 35. Kb2 Nd2+ 36. Ka1 Rc3 37. Ka2 Rc2+ 38. Ka1 Nxf3 39. Rf1 Nd2 40. f7 Rbb2 41. Rf3 Ra2# 0-1

[Event "Hillerod op"]
[Site "Hillerod"]
[Date "2014.??.??"]
[Round "1"]
[White "Schuetze, Hasso"]
[Black "Larsen, Daniel"]
[Result "1-0"]
[WhiteElo "2077"]
[BlackElo "1549"]
[PlyCount "67"]
[EventDate "2014.08.26"]
[EventType "swiss"]
[EventRounds "7"]
[EventCountry "DEN"]
[SourceTitle "EXT 2024"]
[Source "ChessBase"]
[SourceDate "2023.10.10"]
[SourceVersion "1"]
[SourceVersionDate "2023.10.10"]
[SourceQuality "1"]

1. Nf3 d5 2. c4 e6 3. b3 Nf6 4. Bb2 c5 5. e3 Nc6 6. Be2 d4 7. d3 Be7 8. exd4 cxd4 9. a3 0-0 10. b4 a6 11. Nbd2 e5 12. 0-0 h6 13. b5 axb5 14. cxb5 Na7 15. a4 Bd6 16. Nc4 Re8 17. Nfd2 Be6 18. Bf3 Bd5 19. Bxd5 Nxd5 20. Qf3 Nf4 21. g3 Ne6 22. Qxb7 Nc5 23. Qf3 Qb8 24. Nxd6 Qxd6 25. Ba3 Qc7 26. Rfc1 Qa5 27. Nc4 Qc7 28. b6 Qb7 29. Qxb7 Nxb7 30. bxa7 Rxa7 31. a5 Rea8 32. Bb4 Nd8 33. Nb6 Rb8 34. Bd6 1-0

[Event "Nordea Cup-E"]
[Site "Hillerod"]
[Date "2013.05.21"]
[Round "4"]
[White "Lang, Daniel Barselajsen"]
[Black "Larsen, Daniel"]
[Result "0-1"]
[WhiteElo "1121"]
[BlackElo "1189"]
[PlyCount "72"]
[EventDate "2013.04.30"]
[EventType "swiss"]
[EventRounds "7"]
[EventCountry "DEN"]
[SourceTitle "EXT 2023"]
[Source "ChessBase"]
[SourceDate "2022.10.05"]
[SourceVersion "1"]
[SourceVersionDate "2022.10.05"]
[SourceQuality "1"]

1. d4 d5 2. e4 dxe4 3. Nc3 Nf6 4. f3 exf3 5. Qxf3 e6 6. Be3 Bb4 7. Bc4 Nc6 8. Nge2 Na5 9. Bd3 Nd5 10. 0-0 0-0 11. Nxd5 exd5 12. Rf2 Be6 13. Raf1 Qh4 14. Nf4 Bd6 15. g3 Qe7 16. Nxd5 Bxd5 17. Qxd5 Qxe3 18. Qxa5 Qxd4 19. b3 Bc5 20. Qxc7 Qd5 21. Bc4 Bxf2+ 22. Rxf2 Rac8 23. Qxc8 Qd1+ 24. Rf1 Qxf1+ 25. Kxf1 Rxc8 26. Ke2 b5 27. Bd3 b4 28. Ke3 g6 29. Kd4 f5 30. Ba6 Rxc2 31. Kd3 Rxa2 32. Bc4+ Kg7 33. h4 a5 34. Kd4 a4 35. Kc5 axb3 36. Bxb3 Rg2 0-1